| 000 | 01769nam a2200265Ia 4500 | ||
|---|---|---|---|
| 999 |
_c39307 _d39307 |
||
| 001 | 5893 | ||
| 003 | GE_BSU | ||
| 005 | 20190819114719.0 | ||
| 008 | 181216s1987||||ge |||||||||||||| ||geo|| | ||
| 040 | _cGE_BSU | ||
| 041 | _ageo | ||
| 080 | _a821.353.1-312.9 ა-13 | ||
| 100 |
_aაბაშელი, ალექსანდრე _93648 |
||
| 245 |
_aქალი სარკეში : ფანტასტიკური რომანი / ალექსანდრე აბაშელი. //ამონი ანუ ათასი წლის შემდეგ : ფანტასტიკური რომანი / ივანე ყიფიანი. _c ალექსანდრე აბაშელი ; ივანე ყიფიანი ; [მთლიანი კრებულის შემდგ. : გ. გვერდწითელი, გ. ფანჯიკიძე ; მხატვ. : სპ. ცინცაძე]. |
||
| 264 |
_aთბილისი : _bმერანი ; _c1987. |
||
| 300 |
_a400 გვ. ; _c 20 სმ. |
||
| 440 |
_a(ქართული საბჭოთა რომანი). _93667 |
||
| 653 | _aქალი სარკეში | ||
| 653 | _aამონი ანუ ათასი წლის შემდეგ | ||
| 700 |
_aყიფიანი, ივანე _eავტორი _93668 |
||
| 700 |
_aგვერდწითელი, გ. _eმთლიანი კრებულის შემდგენელი _93669 |
||
| 700 |
_aფანჯიკიძე, გ. _eმთლიანი კრებულის შემდგენელი _93671 |
||
| 700 |
_aცინცაძე, სპ. _eმხატვარი _93670 |
||
| 942 |
_cBK _2udc |
||